<?xml version="1.0" encoding="UTF-8"?>
<record
    xmlns:xsi="http://www.w3.org/2001/XMLSchema-instance"
    xsi:schemaLocation="http://www.loc.gov/MARC21/slim http://www.loc.gov/standards/marcxml/schema/MARC21slim.xsd"
    xmlns="http://www.loc.gov/MARC21/slim">

  <leader>02325nam a22003137a 4500</leader>
  <controlfield tag="001">9000</controlfield>
  <controlfield tag="003">FISKH</controlfield>
  <controlfield tag="005">20251113120057.0</controlfield>
  <controlfield tag="008">251113b        cb ||||| |||| 00| 0 eng d</controlfield>
  <datafield tag="020" ind1=" " ind2=" ">
    <subfield code="a">9789996301650</subfield>
  </datafield>
  <datafield tag="040" ind1=" " ind2=" ">
    <subfield code="a">FISKH</subfield>
    <subfield code="b">khr</subfield>
    <subfield code="c">FISKH</subfield>
    <subfield code="d">FISKH</subfield>
  </datafield>
  <datafield tag="050" ind1=" " ind2=" ">
    <subfield code="a">PZ7</subfield>
  </datafield>
  <datafield tag="082" ind1=" " ind2=" ">
    <subfield code="a">823</subfield>
  </datafield>
  <datafield tag="100" ind1=" " ind2=" ">
    <subfield code="a">Saren, Koam </subfield>
  </datafield>
  <datafield tag="245" ind1=" " ind2=" ">
    <subfield code="a">&#x179F;&#x17C1;&#x17C7;&#x1793;&#x17B7;&#x1784;&#x1785;&#x1784;&#x17D2;&#x179A;&#x17B7;&#x178F; :</subfield>
    <subfield code="b">Horse and cricket / </subfield>
    <subfield code="c">&#x1793;&#x17B7;&#x1796;&#x1793;&#x17D2;&#x1792;&#x178A;&#x17C4;&#x1799;&#x200B; &#x179B;&#x17C4;&#x1780; &#x1782;&#x17B6;&#x17C6; &#x179F;&#x17B6;&#x179A;&#x17C9;&#x17C2;&#x1793; </subfield>
  </datafield>
  <datafield tag="260" ind1=" " ind2=" ">
    <subfield code="a">Phnom Penh : </subfield>
    <subfield code="b">Reading Books , </subfield>
    <subfield code="c">2012.</subfield>
  </datafield>
  <datafield tag="300" ind1=" " ind2=" ">
    <subfield code="a">20 pages : </subfield>
    <subfield code="b">color illustrations ; </subfield>
    <subfield code="c">25 cm . </subfield>
  </datafield>
  <datafield tag="490" ind1=" " ind2=" ">
    <subfield code="a">&#x1796;&#x17B7;&#x1797;&#x1796;&#x179A;&#x17BF;&#x1784;&#x1793;&#x17B7;&#x1791;&#x17B6;&#x1793;</subfield>
  </datafield>
  <datafield tag="505" ind1=" " ind2=" ">
    <subfield code="a">H 
</subfield>
  </datafield>
  <datafield tag="520" ind1=" " ind2=" ">
    <subfield code="a">&#x179F;&#x17C1;&#x17C7;&#x179B;&#x17BA;&#x1785;&#x1784;&#x17D2;&#x179A;&#x17B7;&#x178F;&#x1785;&#x17D2;&#x179A;&#x17C0;&#x1784;&#x1796;&#x17B7;&#x179A;&#x17C4;&#x17C7;&#x179B;&#x17BA;&#x1785;&#x17D2;&#x179A;&#x17C1;&#x1780;&#x17D7;&#x1780;&#x17CF;&#x179F;&#x17BD;&#x179A; &#x17D4; &#x1785;&#x1784;&#x17D2;&#x179A;&#x17B7;&#x178F;&#x1780;&#x17CF;&#x1786;&#x17D2;&#x179B;&#x17BE;&#x1799;&#x1790;&#x17B6;&#x1798;&#x1780;&#x1796;&#x17B8;&#x179C;&#x17B6;&#x179B;&#x17B7;&#x178D;&#x1791;&#x17B9;&#x1780;&#x179F;&#x1793;&#x17D2;&#x179F;&#x17BE;&#x1798; &#x17D4;&#x200B; &#x179F;&#x17C1;&#x17C7;&#x1780;&#x17CF;&#x1792;&#x17D2;&#x179C;&#x17BE;&#x178F;&#x17B6;&#x1798;&#x178F;&#x17C2;&#x179F;&#x17C6;&#x179B;&#x17C1;&#x1784;&#x1793;&#x17C5;&#x178F;&#x17C2;&#x1798;&#x17B7;&#x1793;&#x178A;&#x17BC;&#x1785; &#x179C;&#x17B6;&#x1780;&#x17CF;&#x1782;&#x17B7;&#x178F;&#x1790;&#x17B6;&#x1798;&#x1780;&#x1796;&#x17B8;&#x179C;&#x17B6;&#x179F;&#x17BB;&#x17B8;&#x179F;&#x17D2;&#x1798;&#x17C5; &#x178A;&#x17BC;&#x1785;&#x17D2;&#x1793;&#x17C1;&#x17C7;&#x179C;&#x17B6;&#x1780;&#x17CF;&#x179F;&#x1798;&#x17D2;&#x179A;&#x17C1;&#x1785;&#x1785;&#x17B7;&#x178F;&#x17D2;&#x178F;&#x1788;&#x1794;&#x17CB;&#x179F;&#x17BB;&#x17B8;&#x179F;&#x17D2;&#x1798;&#x17C5;&#x179A;&#x17A0;&#x17BC;&#x178F;&#x1792;&#x17D2;&#x179B;&#x17B6;&#x1780;&#x17CB;&#x1781;&#x17D2;&#x179B;&#x17BD;&#x1793;&#x1788;&#x17BA; &#x17D4; &#x1798;&#x17D2;&#x1785;&#x17B6;&#x179F;&#x17CB;&#x179C;&#x17B6;&#x1780;&#x17CF;&#x1793;&#x17B6;&#x17C6;&#x179C;&#x17B6;&#x1791;&#x17C5;&#x1787;&#x17BD;&#x1794;&#x1796;&#x17C1;&#x1791;&#x17D2;&#x1799;&#x179F;&#x178F;&#x17D2;&#x179C; &#x17A0;&#x17BE;&#x1799;&#x1780;&#x17CF;&#x1794;&#x17B6;&#x1793;&#x1796;&#x1793;&#x17D2;&#x1799;&#x179B;&#x17CB;&#x179C;&#x17B6;&#x200B;&#x1796;&#x17B8;&#x179F;&#x17B6;&#x179A;&#x17C7;&#x1794;&#x17D2;&#x179A;&#x1799;&#x17C4;&#x1787;&#x1793;&#x17CF;&#x179A;&#x1794;&#x179F;&#x17CB;&#x179F;&#x17C1;&#x17C7; &#x200B;&#x17D4;&#x200B;&#x200B;&#x200B;&#x200B;&#x200B;&#x200B;&#x200B;&#x200B;&#x200B; </subfield>
  </datafield>
  <datafield tag="520" ind1=" " ind2=" ">
    <subfield code="a">he horse heard the cricket singing beautifully with a cheerful chirping sound and asked it where it came from. The cricket replied that its lovely voice came from drinking fresh dew.
The horse tried to do the same, but its voice still didn&#x2019;t sound as beautiful. Then it thought that maybe the cricket&#x2019;s voice came from eating grass, so it decided to stop eating grass altogether. As a result, the horse became weak and ill.
Its owner took it to see a veterinarian, who explained to the horse the importance and benefits of eating grass for its health.</subfield>
  </datafield>
  <datafield tag="521" ind1="8" ind2=" ">
    <subfield code="a">480 
</subfield>
    <subfield code="b">Lexile estimate 
</subfield>
  </datafield>
  <datafield tag="521" ind1="8" ind2=" ">
    <subfield code="a">H 
</subfield>
    <subfield code="b">Raz-Plus 
</subfield>
  </datafield>
  <datafield tag="650" ind1=" " ind2=" ">
    <subfield code="a">&#x179F;&#x17C1;&#x17C7;&#x1793;&#x17B7;&#x1784;&#x1785;&#x1784;&#x17D2;&#x179A;&#x17B7;&#x178F;</subfield>
    <subfield code="v">&#x179A;&#x17BF;&#x1784;&#x1793;&#x17B7;&#x1791;&#x17B6;&#x1793;&#x1780;&#x17BB;&#x1798;&#x17B6;&#x179A;</subfield>
  </datafield>
  <datafield tag="650" ind1=" " ind2=" ">
    <subfield code="v">The horse and cricket </subfield>
    <subfield code="x">Children's Stories </subfield>
  </datafield>
  <datafield tag="700" ind1=" " ind2=" ">
    <subfield code="a">Charkriya, Vat</subfield>
    <subfield code="e">Illustrator</subfield>
  </datafield>
  <datafield tag="942" ind1=" " ind2=" ">
    <subfield code="2">ddc</subfield>
    <subfield code="c">KHB</subfield>
    <subfield code="n">0</subfield>
  </datafield>
  <datafield tag="999" ind1=" " ind2=" ">
    <subfield code="c">9000</subfield>
    <subfield code="d">9000</subfield>
  </datafield>
  <datafield tag="952" ind1=" " ind2=" ">
    <subfield code="0">0</subfield>
    <subfield code="1">0</subfield>
    <subfield code="2">ddc</subfield>
    <subfield code="4">0</subfield>
    <subfield code="7">0</subfield>
    <subfield code="8">Khmer-English Bilingual </subfield>
    <subfield code="a">002</subfield>
    <subfield code="b">002</subfield>
    <subfield code="c">TTP Khmer</subfield>
    <subfield code="d">2025-11-13</subfield>
    <subfield code="l">0</subfield>
    <subfield code="o">SAR PZ7 823</subfield>
    <subfield code="p">FISBK03805</subfield>
    <subfield code="r">2025-11-13 12:00:23</subfield>
    <subfield code="t">1</subfield>
    <subfield code="w">2025-11-13</subfield>
    <subfield code="y">KHB</subfield>
  </datafield>
  <datafield tag="952" ind1=" " ind2=" ">
    <subfield code="0">0</subfield>
    <subfield code="1">0</subfield>
    <subfield code="2">ddc</subfield>
    <subfield code="4">0</subfield>
    <subfield code="7">0</subfield>
    <subfield code="8">Khmer-English Bilingual </subfield>
    <subfield code="a">002</subfield>
    <subfield code="b">002</subfield>
    <subfield code="c">TTP Khmer</subfield>
    <subfield code="d">2025-11-13</subfield>
    <subfield code="l">0</subfield>
    <subfield code="o">SAR PZ7 823</subfield>
    <subfield code="p">FISTK04541</subfield>
    <subfield code="r">2025-11-13 12:00:40</subfield>
    <subfield code="t">2</subfield>
    <subfield code="w">2025-11-13</subfield>
    <subfield code="y">KHB</subfield>
  </datafield>
  <datafield tag="952" ind1=" " ind2=" ">
    <subfield code="0">0</subfield>
    <subfield code="1">0</subfield>
    <subfield code="2">ddc</subfield>
    <subfield code="4">0</subfield>
    <subfield code="7">0</subfield>
    <subfield code="8">Khmer-English Bilingual </subfield>
    <subfield code="a">002</subfield>
    <subfield code="b">002</subfield>
    <subfield code="c">TTP Khmer</subfield>
    <subfield code="d">2025-11-13</subfield>
    <subfield code="l">0</subfield>
    <subfield code="o">SAR PZ7 823</subfield>
    <subfield code="p">FISBK03728</subfield>
    <subfield code="r">2025-11-13 12:00:54</subfield>
    <subfield code="t">3</subfield>
    <subfield code="w">2025-11-13</subfield>
    <subfield code="y">KHB</subfield>
  </datafield>
</record>
